000 00522nam a2200145 a 4500
008 120416s1998 ||||||||||||||||| || u
020 _a0435454307
050 _aQA 76.73.W67 Mac
100 _aMckenzie, Carol
245 1 0 _aExtending word 97 for windows
260 _aOxford
_bHeinemann
_c1998
300 _aviii, 200p. : ill.
350 _a0.00
995 _D0.00
_FCBU-MAIN LIBRARY (Kitwe)
_H1
_I19.00
_M1
_UAVAILABLE
_WMay 24, 2006
_ZAnnex Low-Usage Collection
999 _c43006
_d43006